| 000 -LEADER |
| fixed length control field |
01237nam a2200253Ia 4500 |
| 001 - CONTROL NUMBER |
| control field |
8551 |
| 003 - CONTROL NUMBER IDENTIFIER |
| control field |
GE_BSU |
| 008 - FIXED-LENGTH DATA ELEMENTS--GENERAL INFORMATION |
| fixed length control field |
181216s||||||||xx |||||||||||||| ||und|| |
| 040 ## - CATALOGING SOURCE |
| Transcribing agency |
GE_BSU |
| 080 ## - UNIVERSAL DECIMAL CLASSIFICATION NUMBER |
| Universal Decimal Classification number |
821.353.1.09+27(479.22) |
| 100 ## - MAIN ENTRY--PERSONAL NAME |
| Personal name |
ვაჩნაძე,ნათელა |
| 245 ## - TITLE STATEMENT |
| Title |
სერაპიონ ზარზმელის ცხოვრება,როგორც საისტორიო წყარო. |
| 245 ## - TITLE STATEMENT |
| Statement of responsibility, etc. |
რედ:ნ.შოშიაშვილი;მხატვ:შ.ნიორაძე. |
| 260 ## - PUBLICATION, DISTRIBUTION, ETC. |
| Place of publication, distribution, etc. |
თბილისი. |
| 260 ## - PUBLICATION, DISTRIBUTION, ETC. |
| Name of publisher, distributor, etc. |
უნ-ტის გამ-ბა. |
| 260 ## - PUBLICATION, DISTRIBUTION, ETC. |
| Date of publication, distribution, etc. |
1975. |
| 300 ## - PHYSICAL DESCRIPTION |
| Extent |
251გვ;4ფ.ტაბულა;22სმ. |
| 300 ## - PHYSICAL DESCRIPTION |
| Other physical details |
რეზ.რუს.ენ.ლექსიკონი:გვ.203-245; |
| 300 ## - PHYSICAL DESCRIPTION |
| Accompanying material |
საძიებელი:გვ:247-249. |
| 653 ## - INDEX TERM--UNCONTROLLED |
| Uncontrolled term |
სერაპიონ ზარზმელის ცხოვრება,როგორც საისტორიო წყარო. |
| 653 ## - INDEX TERM--UNCONTROLLED |
| Uncontrolled term |
ქართული აგიოგრაფიული ლიტერატურა; საქართველოს ისტორიის წყაროები. |
| 942 ## - ADDED ENTRY ELEMENTS (KOHA) |
| Koha item type |
წიგნი |